000 00302nam a2200121Ia 4500
008 170620s9999 xx 000 0 und d
100 _aPARODKAR-ANANT & BAKLIWAL-SUNIL
245 0 _aHOSPITAL PHARMACY
260 _bNIRALI PRAKASHAN MEERUT
260 _c2008
300 _a2211
546 _aEnglish
690 _aHOSPITAL PHARMACY
999 _c31237
_d31237